[Event "Reykjavik Open 2024"]
[Site "Reykjavik ISL"]
[Date "2024.03.18"]
[Round "6.3"]
[White "Xu, Xiangyu"]
[Black "Nevednichy, Vladislav"]
[Result "1/2-1/2"]
[WhiteTitle "GM"]
[BlackTitle "GM"]
[WhiteElo "2623"]
[BlackElo "2445"]
[WhiteFideId "8608288"]
[BlackFideId "1205730"]
[EventDate "2024.03.15"]

1. d4 d6 2. e4 Nf6 3. Nc3 e5 4. Nf3 Nbd7 5. Bc4 Be7 6. O-O O-O 7. a4 c6 8. Re1
b6 9. h3 a6 10. Bd3 Re8 11. Ne2 Bf8 12. Ng3 g6 13. c3 Bg7 14. Bc2 Qc7 15. Be3
Bb7 16. Qd2 c5 17. d5 c4 18. Nh2 Kh8 19. Rf1 Ng8 20. Ng4 Bc8 21. Qe2 Rb8 22. Kh1
Re7 23. Rae1 Re8 24. Qd1 b5 25. axb5 axb5 26. Qe2 Nc5 27. f4 Bxg4 28. Qxg4 exf4
29. Bxf4 b4 30. Qf3 bxc3 31. bxc3 Rb2 32. Re2 Rb7 33. Ref2 Rf8 34. Ne2 Nd7 35.
Nd4 Ne5 36. Bxe5 dxe5 37. Nc6 Ne7 38. Ba4 Nxc6 39. Bxc6 Rb3 40. Qe3 Qe7 41. Qd2
Qc5 42. Rxf7 Rxf7 43. Rxf7 Rb1+ 44. Kh2 Qg1+ 45. Kg3 Rd1 46. Qf2 Rd3+ 47. Kh4
Qxf2+ 48. Rxf2 Bh6 49. Bb5 Bf4 50. Rf3 Rxf3 51. gxf3 Kg7 52. d6 h5 53. d7 Kh6
54. d8=Q 1/2-1/2

[Event "Reykjavik Open 2024"]
[Site "Reykjavik ISL"]
[Date "2024.03.18"]
[Round "6.4"]
[White "Katz, Alexander"]
[Black "Pultinevicius, Paulius"]
[Result "0-1"]
[WhiteTitle "IM"]
[BlackTitle "GM"]
[WhiteElo "2418"]
[BlackElo "2575"]
[WhiteFideId "2039796"]
[BlackFideId "12809390"]
[EventDate "2024.03.15"]

1. e4 c6 2. d4 d5 3. e5 Bf5 4. Nf3 e6 5. Be2 Nd7 6. O-O a5 7. Nbd2 a4 8. c3 f6
9. Re1 fxe5 10. dxe5 Bc5 11. Nd4 Ne7 12. g4 Bxd4 13. cxd4 Bg6 14. h4 h5 15. gxh5
Nf5 16. hxg6 Qxh4 17. Bf3 Rh6 18. Nf1 Rxg6+ 19. Ng3 O-O-O 20. Kf1 Nxg3+ 21. fxg3
Rxg3 22. Ke2 Qh2+ 23. Kd3 Rf8 24. Re3 c5 25. Be2 Rf4 26. Kc2 Rxd4 27. Qe1 Rxe3
28. Bxe3 Re4 29. Qd2 Qxe5 30. Rh1 Rxe3 31. Rh8+ Kc7 32. Qa5+ b6 33. Qa7+ Kd6 34.
Bb5 Qf5+ 35. Kc1 Re1+ 36. Kd2 Qf2+ 37. Kd3 Re3# 0-1

[Event "Reykjavik Open 2024"]
[Site "Reykjavik ISL"]
[Date "2024.03.18"]
[Round "6.7"]
[White "Sanal, Vahap"]
[Black "Jin, Yueheng"]
[Result "1-0"]
[WhiteTitle "GM"]
[WhiteElo "2558"]
[BlackElo "2404"]
[WhiteFideId "6300545"]
[BlackFideId "8616868"]
[EventDate "2024.03.15"]

1. e4 c5 2. Nf3 e6 3. d3 Nc6 4. g3 d5 5. Qe2 Nf6 6. Bg2 Be7 7. O-O O-O 8. e5 Nd7
9. c4 Re8 10. Re1 Nf8 11. h4 a6 12. h5 b5 13. h6 g6 14. Nbd2 Bb7 15. Nf1 Qc7 16.
N1h2 Red8 17. Ng4 dxc4 18. dxc4 Nd4 19. Nxd4 cxd4 20. Bxb7 Qxb7 21. cxb5 axb5
22. Rd1 Ra7 23. Bf4 Rd5 24. Qd2 Nd7 25. Bg5 Bf8 26. Qf4 Qb6 27. Bf6 d3 28. Qf3
Qd4 29. Rac1 Ra4 30. Ne3 Rc5 31. Rxc5 Nxc5 32. Qc6 Rxa2 33. Qc8 Rxb2 34. Be7 Nd7
35. Bd6 Qa7 36. Bxf8 Nxf8 37. Ng4 Qe7 38. Nf6+ Kh8 39. Rxd3 Qb4 40. Kg2 Ra2 41.
Rd8 Rxf2+ 42. Kh3 1-0

[Event "Reykjavik Open 2024"]
[Site "Reykjavik ISL"]
[Date "2024.03.18"]
[Round "6.8"]
[White "Can, Emre"]
[Black "Tania, Sachdev"]
[Result "1-0"]
[WhiteTitle "GM"]
[BlackTitle "IM"]
[WhiteElo "2551"]
[BlackElo "2393"]
[WhiteFideId "6302181"]
[BlackFideId "5007844"]
[EventDate "2024.03.15"]

1. e4 e5 2. Nf3 Nc6 3. Bb5 a6 4. Ba4 Nf6 5. O-O b5 6. Bb3 Bb7 7. Re1 Bc5 8. c3
d6 9. d4 Bb6 10. a4 O-O 11. Bg5 h6 12. Bh4 Qe7 13. d5 Na5 14. Bxf6 Qxf6 15. Ba2
g5 16. b4 Nc4 17. Bxc4 bxc4 18. a5 Ba7 19. Qe2 c6 20. dxc6 Bxc6 21. Na3 Rac8 22.
Nd2 Rfd8 23. Ndxc4 Bxe4 24. Nb6 Bxb6 25. axb6 Bb7 26. Nc4 d5 27. Na5 Qxb6 28.
Qxe5 d4 29. cxd4 Bd5 30. Rab1 Ba2 31. Ra1 Be6 32. Qf6 Kh7 33. Rad1 Rd5 34. h3
Qxb4 35. Rxe6 fxe6 36. Qf7+ Kh8 37. Qxe6 Rcd8 38. Qxh6+ Kg8 39. Qg6+ Kh8 40. Nc6
Qd6 41. Qh5+ Kg7 42. Nxd8 Qxd8 43. Qe2 a5 44. Qa6 Qc7 45. Qe6 Rd7 46. d5 Rf7 47.
Qe3 1-0

[Event "Reykjavik Open 2024"]
[Site "Reykjavik ISL"]
[Date "2024.03.18"]
[Round "6.9"]
[White "Wadsworth, Matthew J"]
[Black "Maze, Sebastien"]
[Result "0-1"]
[WhiteTitle "IM"]
[BlackTitle "GM"]
[WhiteElo "2450"]
[BlackElo "2551"]
[WhiteFideId "415804"]
[BlackFideId "613762"]
[EventDate "2024.03.15"]

1. d4 Nf6 2. c4 g6 3. Nf3 Bg7 4. g3 d6 5. Bg2 O-O 6. Nc3 Nbd7 7. O-O e5 8. e4
Re8 9. Re1 a6 10. b3 Rb8 11. d5 a5 12. a3 Ra8 13. Rb1 Nb6 14. Bf1 Bd7 15. h3 Qe7
16. Be3 Rec8 17. Nd2 Qf8 18. b4 axb4 19. axb4 Bh6 20. Qf3 Bxe3 21. Rxe3 Ne8 22.
Nb3 Na4 23. c5 Ng7 24. cxd6 cxd6 25. Nxa4 Bxa4 26. Na5 f5 27. Bd3 Rc7 28. Ree1
Rf7 29. Nc4 fxe4 30. Qxe4 Bd7 31. Ra1 Rxa1 32. Rxa1 Bf5 33. Qe3 Bxd3 34. Qxd3
Rxf2 35. Rf1 Rxf1+ 36. Qxf1 Qd8 37. g4 Ne8 38. Qf2 Qc7 39. Nd2 Qc2 40. g5 Qd3
41. h4 Qxd5 42. Qe3 Kf7 43. Ne4 Qd4 44. Qxd4 exd4 45. Kf2 Ke6 46. Ke2 Kd5 47.
Kd3 b5 48. Nf2 Ng7 49. Ng4 Nh5 50. Kd2 Kc4 51. Nf6 Ng3 52. Nxh7 Nf5 53. Nf8 Nxh4
54. Ne6 Nf3+ 55. Ke2 Ne5 0-1

[Event "Reykjavik Open 2024"]
[Site "Reykjavik ISL"]
[Date "2024.03.18"]
[Round "6.10"]
[White "Adhiban, Baskaran"]
[Black "Large, Peter G"]
[Result "1-0"]
[WhiteTitle "GM"]
[BlackTitle "IM"]
[WhiteElo "2541"]
[BlackElo "2262"]
[WhiteFideId "5018471"]
[BlackFideId "400866"]
[EventDate "2024.03.15"]

1. e4 e5 2. Nf3 Nc6 3. Bb5 Nf6 4. O-O Bc5 5. Nxe5 Nxe5 6. d4 c6 7. dxe5 Nxe4 8.
Bd3 d5 9. exd6 Nf6 10. Bg5 Bxd6 11. Nc3 Qc7 12. Bxf6 gxf6 13. Ne4 Bxh2+ 14. Kh1
Be5 15. f4 Bxb2 16. Rb1 f5 17. Ng3 Bf6 18. Bxf5 Bxf5 19. Nxf5 Rd8 20. Re1+ Kf8
21. Qh5 h6 22. Re4 Qd7 23. c4 b6 24. Rbe1 a6 25. Kh2 b5 26. Ne3 Bd4 27. Nf5 Bf6
28. Ne3 Bd4 29. c5 Bxe3 30. R1xe3 Qd5 31. Re5 Qxa2 32. Qh4 Kg7 33. Rg3+ Kh7 34.
Rh5 Rde8 1-0

[Event "Reykjavik Open 2024"]
[Site "Reykjavik ISL"]
[Date "2024.03.18"]
[Round "6.12"]
[White "Manish Anto, Cristiano F"]
[Black "Suleymenov, Alisher"]
[Result "0-1"]
[WhiteTitle "IM"]
[BlackTitle "GM"]
[WhiteElo "2286"]
[BlackElo "2506"]
[WhiteFideId "25095927"]
[BlackFideId "13707833"]
[EventDate "2024.03.15"]

1. e4 c5 2. Nf3 d6 3. d4 cxd4 4. Nxd4 Nf6 5. Nc3 a6 6. Bg5 e6 7. f4 h6 8. Bh4
Nbd7 9. Qe2 e5 10. fxe5 Nxe5 11. O-O-O Be7 12. Kb1 O-O 13. Bg3 Qc7 14. Nf5 Bxf5
15. exf5 Rac8 16. Bxe5 dxe5 17. g4 Qb6 18. Rd3 Bb4 19. Ne4 Nxe4 20. Qxe4 Bc3 21.
b3 Qc5 22. f6 gxf6 23. Rxc3 Qxc3 24. Bd3 Rfd8 25. Qh7+ Kf8 26. Rf1 Ke7 27. Qxh6
Rc6 28. Qh7 a5 29. g5 Rxd3 30. cxd3 Qc2+ 31. Ka1 Qd2 32. gxf6+ Rxf6 33. Qh3 a4
34. Kb1 a3 0-1

[Event "Reykjavik Open 2024"]
[Site "Reykjavik ISL"]
[Date "2024.03.18"]
[Round "6.13"]
[White "Harish, Neeraj"]
[Black "Balakrishnan, Praveen"]
[Result "0-1"]
[WhiteTitle "CM"]
[BlackTitle "GM"]
[WhiteElo "2090"]
[BlackElo "2490"]
[WhiteFideId "30958130"]
[BlackFideId "2064871"]
[EventDate "2024.03.15"]

1. e4 c5 2. Nf3 e6 3. d4 cxd4 4. Nxd4 Nc6 5. Nc3 Qc7 6. Be3 a6 7. g4 h6 8. Qd2
Ne5 9. Be2 b5 10. O-O-O Nf6 11. f3 b4 12. Na4 d5 13. Nb3 Bb7 14. Nac5 dxe4 15.
Nxb7 Qxb7 16. f4 Nf3 17. Bxf3 exf3 18. f5 Be7 19. Nc5 Qc6 20. fxe6 Bxc5 21. g5
Ne4 22. exf7+ Kxf7 23. Qd3 Rhd8 24. Qb3+ Qe6 25. g6+ Kf6 26. Rdf1 Qxb3 27. Rxf3+
Kxg6 28. axb3 Rf8 29. Rh3 Rae8 30. Bxc5 Nxc5 31. Rg1+ Kh7 32. c3 bxc3 33. Rxc3
Rc8 34. Kb1 Ne4 0-1

[Event "Reykjavik Open 2024"]
[Site "Reykjavik ISL"]
[Date "2024.03.18"]
[Round "6.14"]
[White "Sanitt, Ethan"]
[Black "Kjartansson, Gudmundur"]
[Result "0-1"]
[BlackTitle "GM"]
[WhiteElo "1914"]
[BlackElo "2465"]
[WhiteFideId "427462"]
[BlackFideId "2301318"]
[EventDate "2024.03.15"]

1. c4 e5 2. g3 Nc6 3. Nc3 Bc5 4. d3 Nge7 5. Nf3 d6 6. Bg2 a6 7. a3 O-O 8. b4 Ba7
9. O-O Be6 10. e3 Qd7 11. Bb2 f6 12. Rc1 d5 13. c5 Rae8 14. b5 axb5 15. Nxb5 Bb8
16. Ne1 Nd8 17. Qa4 c6 18. Nc3 Nf7 19. f4 Bc7 20. e4 Ra8 21. Qc2 exf4 22. gxf4
dxe4 23. dxe4 Bc4 24. Rd1 Qe6 25. f5 Qe5 26. Nf3 Qxc5+ 27. Rf2 Rad8 28. Nd4 Rxd4
29. Rxd4 Qxd4 30. Nd5 Qxf2+ 31. Qxf2 cxd5 32. exd5 Nd6 33. Qc5 Rc8 34. Qe3 Nexf5
35. Qe6+ Kf8 36. Bc3 Re8 37. Qd7 Bb6+ 38. Kh1 Bb5 0-1

[Event "Reykjavik Open 2024"]
[Site "Reykjavik ISL"]
[Date "2024.03.18"]
[Round "6.15"]
[White "Hjartarson, Johann"]
[Black "Sushanth, Kamabathula"]
[Result "1/2-1/2"]
[WhiteTitle "GM"]
[WhiteElo "2460"]
[BlackElo "1918"]
[WhiteFideId "2300044"]
[BlackFideId "25712667"]
[EventDate "2024.03.15"]

1. c4 Nf6 2. Nc3 g6 3. e4 d6 4. d4 Bg7 5. Nf3 O-O 6. Be2 e5 7. d5 Nbd7 8. Be3 a5
9. O-O Ng4 10. Bg5 f6 11. Bh4 Nc5 12. Nd2 Nh6 13. f3 b6 14. b3 Rf7 15. a3 Bf8
16. b4 Nb7 17. Nb3 Qe8 18. Bf2 f5 19. c5 fxe4 20. Bb5 Qe7 21. Nxe4 a4 22. Nbd2
bxc5 23. bxc5 Nxc5 24. Nxc5 dxc5 25. Ne4 Nf5 26. Bc6 Rb8 27. Bxc5 Nd6 28. Qxa4
Bf5 29. Rae1 Bxe4 30. Rxe4 Qg5 31. Rg4 Qd2 32. Qd1 Qa5 33. Bxd6 Bxd6 34. a4 Rb2
35. Kh1 Rf8 36. Qc1 Rfb8 37. Bb5 Qd2 38. h4 Qxc1 39. Rxc1 Ra2 40. h5 Kf7 41. h6
Kf6 42. Rgc4 Rb7 43. Rg4 Rb6 44. Kg1 Rd2 45. Bc6 Ra2 46. Kf1 Rbb2 47. Kg1 Rb6
48. Bd7 g5 49. Bb5 Kg6 50. Rgc4 Rb7 51. R4c2 Rxc2 52. Rxc2 Kxh6 53. g4 Kg6 54.
Bd3+ Kg7 55. a5 Rb3 56. Be2 Ra3 57. a6 e4 58. fxe4 Kf6 59. e5+ Kxe5 1/2-1/2

[Event "Reykjavik Open 2024"]
[Site "Reykjavik ISL"]
[Date "2024.03.18"]
[Round "6.16"]
[White "Ivanchuk, Vasyl"]
[Black "Xu, Yuanyuan"]
[Result "1-0"]
[WhiteTitle "GM"]
[BlackTitle "WGM"]
[WhiteElo "2625"]
[BlackElo "2288"]
[WhiteFideId "14100010"]
[BlackFideId "8601089"]
[EventDate "2024.03.15"]

1. e4 c6 2. d4 d5 3. Nd2 dxe4 4. Nxe4 Bf5 5. Ng3 Bg6 6. Nf3 e6 7. h4 h6 8. h5
Bh7 9. Bd3 Bxd3 10. Qxd3 Nf6 11. Bd2 Be7 12. O-O-O O-O 13. Kb1 c5 14. Ne4 Nc6
15. Be3 Nb4 16. Nxf6+ Bxf6 17. Qb3 Nd5 18. dxc5 Qa5 19. Nd2 Nxe3 20. Qxe3 Qb5
21. c3 b6 22. Ne4 Be7 23. Qd3 Qc6 24. Qf3 Rfc8 25. Rd3 f5 26. Nd2 Qxf3 27. Nxf3
Bxc5 28. Rd2 Rd8 29. Re2 Rd5 30. Kc2 b5 31. Rhe1 f4 32. b4 Bb6 33. Ne5 Kh7 34.
g4 fxg3 35. fxg3 Rf8 36. g4 Rf4 37. Re4 Rf2+ 38. R1e2 Rxe2+ 39. Rxe2 Kg8 40. Kb3
Kf8 41. a4 a6 42. c4 bxc4+ 43. Nxc4 Bc7 44. Rxe6 Rd3+ 45. Kc2 Rd4 46. Kc3 Rxg4
47. Rxa6 Rg5 48. a5 Bg3 49. Ra8+ Ke7 50. a6 Be1+ 51. Kb3 Rb5 52. Re8+ Kxe8 53.
Nd6+ Kd7 54. Nxb5 Kc6 55. Nd4+ Kb6 56. b5 Bh4 57. Kc4 Bg5 58. Ne6 Bf6 59. Nf4
Bh4 60. Nd5+ Ka7 61. Kc5 Bf2+ 62. Kc6 Bd4 63. Nf4 Bf6 64. Ne6 Be5 65. b6+ Kxa6
66. Nc7+ 1-0

[Event "Reykjavik Open 2024"]
[Site "Reykjavik ISL"]
[Date "2024.03.18"]
[Round "6.17"]
[White "Galperin, Platon"]
[Black "Unzicker, Ferdinand"]
[Result "1-0"]
[WhiteTitle "GM"]
[BlackTitle "FM"]
[WhiteElo "2555"]
[BlackElo "2284"]
[WhiteFideId "14165414"]
[BlackFideId "4619196"]
[EventDate "2024.03.15"]

1. Nf3 d5 2. g3 c6 3. Bg2 Bg4 4. h3 Bh5 5. c4 e6 6. O-O Nd7 7. d4 Bd6 8. Nc3 Ne7
9. Qb3 Qb6 10. e4 Qxb3 11. axb3 O-O 12. Nh4 dxe4 13. Nxe4 Bc7 14. Bd2 Rfd8 15.
Bb4 Ng6 16. Nf3 Ngf8 17. Bd6 Rdc8 18. Ne5 f6 19. Nxd7 Nxd7 20. Rfe1 Bf7 21. Bxc7
Rxc7 22. Nd6 a6 23. d5 e5 24. dxc6 bxc6 25. b4 Rb8 26. Rxa6 Rxb4 27. Rxc6 Rxc6
28. Bxc6 Rb6 29. Nc8 Bxc4 1-0

[Event "Reykjavik Open 2024"]
[Site "Reykjavik ISL"]
[Date "2024.03.18"]
[Round "6.18"]
[White "Stanford, Maxim Barth"]
[Black "Fernandez, Daniel Howard"]
[Result "0-1"]
[WhiteTitle "IM"]
[BlackTitle "GM"]
[WhiteElo "2275"]
[BlackElo "2532"]
[WhiteFideId "408280"]
[BlackFideId "5801605"]
[EventDate "2024.03.15"]

1. e4 c6 2. d4 d5 3. e5 Bf5 4. h4 h5 5. Bd3 Bxd3 6. Qxd3 Qa5+ 7. b4 Qxb4+ 8. Nd2
e6 9. Nf3 Qa4 10. O-O Nh6 11. Rb1 b5 12. Nb3 Nf5 13. g3 Nd7 14. Bd2 Rc8 15. a3
Qc4 16. Bb4 c5 17. dxc5 Nxc5 18. Qxc4 dxc4 19. Nbd2 a6 20. Kg2 Na4 21. Ne4 Bxb4
22. axb4 Ke7 23. Rfd1 Rhd8 24. Rxd8 Rxd8 25. Ra1 Nd4 26. Nxd4 Rxd4 27. Kf3 c3
28. Ra3 Rxb4 29. Nxc3 Nc5 30. Ne2 Rc4 31. c3 Kd7 32. Ra2 Kc7 33. Kg2 Kb6 34. Rd2
a5 35. Rd8 a4 36. Rb8+ Kc6 37. Nd4+ Rxd4 38. cxd4 Na6 39. d5+ exd5 40. Ra8 Nc7 0-1

[Event "Reykjavik Open 2024"]
[Site "Reykjavik ISL"]
[Date "2024.03.18"]
[Round "6.19"]
[White "Karamsetty, Jeevan"]
[Black "Stefansson, Hannes"]
[Result "0-1"]
[WhiteTitle "FM"]
[BlackTitle "GM"]
[WhiteElo "2187"]
[BlackElo "2481"]
[WhiteFideId "2025337"]
[BlackFideId "2300087"]
[EventDate "2024.03.15"]

1. e4 c5 2. Nc3 Nc6 3. Bb5 Nd4 4. Bc4 a6 5. a4 e6 6. Nge2 Nf6 7. O-O Qc7 8. d3
Be7 9. Nxd4 cxd4 10. Ne2 Nxe4 11. dxe4 Qxc4 12. Nxd4 Bf6 13. c3 b6 14. Bf4 Bb7
15. Re1 O-O 16. Bd6 Rfe8 17. Rc1 Bxe4 18. Rxe4 Qd5 19. Nxe6 Qxe4 20. Nc7 Rac8
21. Nxe8 Rxe8 22. Ra1 h5 23. h3 Re6 24. Bc7 Qf5 25. Qf1 Rc6 26. Bb8 Qc2 27. Re1
Rc8 28. Be5 Bxe5 29. Rxe5 Qxb2 30. Qxa6 Qxc3 31. Qe2 Qc1+ 32. Kh2 Qc7 33. g3 g6
34. Qe3 h4 35. Qf4 hxg3+ 36. Qxg3 Qc6 37. Qf4 Kg7 38. Rb5 Kg8 39. Qd4 Qc7+ 40.
Kg1 Qc1+ 41. Kg2 Qc6+ 42. Kh2 Rb8 43. Rd5 Rb7 44. Qe5 Qe6 45. Qd4 Qe8 46. Rd6
Qb8 47. Kg1 Rc7 48. Rxd7 Rxd7 49. Qxd7 Qa8 50. Qb5 Qd8 51. Kg2 Qc7 52. Qe8+ Kg7
53. Qe4 Qc5 54. Kf1 f5 55. Qb7+ Kh6 56. Qa8 Qd4 57. Qf8+ Kh5 58. Qa3 Qe4 59. Qb3
Qc6 60. Ke2 Qd6 61. Qc4 Qe5+ 62. Kd2 Kg5 63. Qc6 Qd4+ 64. Ke2 Qb2+ 65. Kf3 Qb1
66. Qc4 Qh1+ 67. Kg3 Qg1+ 68. Kf3 Qh2 69. Qc1+ Kh5 70. Qf1 g5 71. Ke3 Qf4+ 72.
Kd3 Qxa4 73. Qe2+ Kh4 74. Qb2 Qe4+ 75. Kd2 Kxh3 76. Qxb6 Kg2 77. Qc5 g4 78. Qb6
f4 79. Qd8 Qf3 0-1

[Event "Reykjavik Open 2024"]
[Site "Reykjavik ISL"]
[Date "2024.03.18"]
[Round "6.20"]
[White "Zhu, Jiner"]
[Black "Loncke, Matthieu"]
[Result "1-0"]
[WhiteTitle "GM"]
[WhiteElo "2467"]
[BlackElo "2175"]
[WhiteFideId "8608059"]
[BlackFideId "45197148"]
[EventDate "2024.03.15"]

1. e4 c5 2. Nf3 d6 3. c3 Nf6 4. h3 Nc6 5. Bd3 Qc7 6. O-O e6 7. Re1 d5 8. e5 Nd7
9. Bb5 c4 10. d4 cxd3 11. Bf4 a6 12. Bxd3 b5 13. Nbd2 Bb7 14. Qe2 Be7 15. a3 Na5
16. b4 Nc4 17. a4 Ndb6 18. axb5 axb5 19. Nd4 Qd7 20. Rxa8+ Bxa8 21. Qg4 g5 22.
Bh2 h5 23. Qe2 Na4 24. Nb1 Qb7 25. Bc2 Qb6 26. Bxa4 bxa4 27. Nd2 Nxd2 28. Qxd2
Bc6 29. Ra1 Bd7 30. Qe2 Qc7 31. Qe3 Qc4 32. f4 gxf4 33. Bxf4 Rg8 34. Kh2 Bd8 35.
Qf3 Bb6 36. Rf1 Bxd4 37. cxd4 Qxd4 38. Bg3 Rf8 39. Qf6 Qxb4 40. Bh4 Qb6 41. Qe7# 1-0

[Event "Reykjavik Open 2024"]
[Site "Reykjavik ISL"]
[Date "2024.03.18"]
[Round "6.21"]
[White "Stefansson, Vignir Vatnar"]
[Black "Mardell, Jimmy"]
[Result "0-1"]
[WhiteTitle "GM"]
[WhiteElo "2464"]
[BlackElo "2172"]
[WhiteFideId "2308649"]
[BlackFideId "1705610"]
[EventDate "2024.03.15"]

1. Nf3 d5 2. c4 c6 3. g3 Nf6 4. Bg2 Bf5 5. b3 e6 6. Bb2 Be7 7. O-O O-O 8. d3 h6
9. Nbd2 Nbd7 10. Re1 Bh7 11. Qc2 a5 12. a3 Re8 13. Rad1 e5 14. cxd5 cxd5 15.
Nxe5 Nxe5 16. Bxe5 Bxa3 17. Bd4 Rc8 18. Qa2 Bb4 19. Qb2 Rc6 20. Kf1 Qe7 21. e4
dxe4 22. dxe4 Qc7 23. Bxf6 Rxf6 24. Re2 Qd7 25. Rc1 Rd6 26. Nf3 Bxe4 27. Ne1 Bf5
28. Rxe8+ Qxe8 29. Nf3 b5 30. Kg1 Qd7 31. Qa1 Bc2 32. Bf1 Rd1 33. Rxd1 Qxd1 34.
Qxd1 Bxd1 35. Nd4 a4 36. bxa4 bxa4 37. Bc4 Bc5 38. Nb5 Bb3 39. Bxb3 axb3 40. Nc3
Bd4 41. Nb1 f5 42. Kf1 Kf7 43. Ke2 Ke6 44. f3 g5 45. h3 h5 46. Nd2 b2 47. Kd3
Kd5 48. Kc2 Bf6 49. Kd3 Be5 50. g4 fxg4 51. fxg4 h4 52. Nb1 Bf4 53. Nc3+ Ke5 54.
Ke2 Bc1 55. Nb1 Kf4 56. Kf2 Be3+ 57. Ke2 Bc5 0-1

[Event "Reykjavik Open 2024"]
[Site "Reykjavik ISL"]
[Date "2024.03.18"]
[Round "6.22"]
[White "Ornolfsson, Magnus P."]
[Black "Larkin, Vladyslav"]
[Result "0-1"]
[BlackTitle "IM"]
[WhiteElo "2163"]
[BlackElo "2450"]
[WhiteFideId "2301016"]
[BlackFideId "14152894"]
[EventDate "2024.03.15"]

1. e4 d6 2. d4 Nf6 3. Nc3 c6 4. Nf3 Bg4 5. Be2 e6 6. h3 Bh5 7. O-O Be7 8. Re1 d5
9. exd5 Bxf3 10. Bxf3 cxd5 11. Bg5 O-O 12. Qd3 Nc6 13. Nd1 Qb6 14. c3 Rfc8 15.
b3 Rc7 16. Ne3 Rd7 17. Bxf6 Bxf6 18. Ng4 Qd8 19. Rad1 Rc8 20. Nxf6+ Qxf6 21. Qe3
g6 22. g4 Ne7 23. Bg2 g5 24. Rc1 Ng6 25. Red1 Nf4 26. Bf1 a6 27. Kh2 Kg7 28. Bd3
Rdc7 29. Bf1 h5 30. gxh5 Nxh5 31. c4 Nf4 32. c5 Rh8 33. Qe5 Qxe5 34. dxe5 a5 35.
a3 Ng6 36. Re1 Rh4 37. Re3 Rd4 38. Kg3 Rc8 39. Bb5 Rd2 40. Bf1 Rb2 41. Bg2 Nh4
42. Rd3 Nf5+ 43. Kg4 Rxf2 44. Bxd5 Kg6 45. h4 Rh8 0-1

[Event "Reykjavik Open 2024"]
[Site "Reykjavik ISL"]
[Date "2024.03.18"]
[Round "6.24"]
[White "Haldorsen, Benjamin"]
[Black "Pujari, Rucha"]
[Result "1/2-1/2"]
[WhiteTitle "IM"]
[BlackTitle "WIM"]
[WhiteElo "2426"]
[BlackElo "2147"]
[WhiteFideId "1512633"]
[BlackFideId "5024528"]
[EventDate "2024.03.15"]

1. e4 e5 2. Nf3 Nc6 3. Bb5 a6 4. Ba4 Nf6 5. O-O Be7 6. Bxc6 dxc6 7. Nc3 Nd7 8.
d4 exd4 9. Nxd4 O-O 10. Nf5 Bf6 11. Qe1 Nb6 12. Ng3 Re8 13. Be3 Qe7 14. f4 Nc4
15. b3 Bxc3 16. Qxc3 Nxe3 17. Qxe3 f5 18. e5 Be6 19. Ne2 c5 20. Rfd1 Rad8 21. h3
Bd5 22. c4 Be6 23. Nc3 b6 24. Kh2 h6 25. Rd3 Rxd3 26. Qxd3 Rd8 27. Qf3 Rd4 28.
Rd1 Qd7 29. Nd5 b5 30. Rxd4 cxd4 31. Qd3 bxc4 32. bxc4 Bxd5 33. cxd5 Qxd5 34.
Qxf5 d3 35. Qc8+ Kh7 36. Qf5+ Kg8 37. Qc8+ Kh7 38. Qf5+ Kg8 1/2-1/2

[Event "Reykjavik Open 2024"]
[Site "Reykjavik ISL"]
[Date "2024.03.18"]
[Round "6.25"]
[White "Lu, Miaoyi"]
[Black "Bergsson, Stefan"]
[Result "1-0"]
[WhiteTitle "WGM"]
[WhiteElo "2392"]
[BlackElo "2144"]
[WhiteFideId "8618020"]
[BlackFideId "2301393"]
[EventDate "2024.03.15"]

1. e4 c5 2. Nf3 Nc6 3. Bb5 g6 4. O-O Bg7 5. Re1 e5 6. Bxc6 dxc6 7. a4 a5 8. Na3
Ne7 9. Nc4 Qc7 10. d3 b6 11. Be3 h6 12. b4 axb4 13. a5 bxa5 14. Bxc5 Be6 15. Bd6
Qd8 16. Nfxe5 Bxc4 17. Nxc4 Bxa1 18. Qxa1 O-O 19. Re3 Re8 20. Rh3 Nd5 21. exd5
cxd5 22. Rxh6 f6 23. Rxg6+ Kf7 24. Rh6 dxc4 25. Bc7 Qd4 26. Qd1 Qd5 27. Rh7+ Kg8
28. Rh4 cxd3 29. cxd3 Rac8 30. Qg4+ Qg5 31. Qc4+ Kf8 32. g3 Re1+ 33. Kg2 Rc1 34.
Bd6+ Kg7 35. Qe6 f5 36. Be5+ 1-0

[Event "Reykjavik Open 2024"]
[Site "Reykjavik ISL"]
[Date "2024.03.18"]
[Round "6.26"]
[White "Eriksson, Jorgen"]
[Black "Sidhant, Mohapatra"]
[Result "0-1"]
[BlackTitle "IM"]
[WhiteElo "2154"]
[BlackElo "2379"]
[WhiteFideId "1701967"]
[BlackFideId "5028698"]
[EventDate "2024.03.15"]

1. d4 d5 2. Bf4 c5 3. e3 Nc6 4. Nf3 Nf6 5. Nbd2 Nh5 6. Be5 e6 7. c3 f6 8. Bg3 g6
9. Be2 Be7 10. O-O O-O 11. c4 Nxg3 12. hxg3 cxd4 13. exd4 Kg7 14. Nb3 a5 15.
cxd5 exd5 16. a4 Bd6 17. Ne1 Qb6 18. Bf3 Be6 19. Nd3 Bf7 20. Ndc5 Rfe8 21. Qd3
Nb4 22. Qb5 Qxb5 23. axb5 b6 24. Na4 Rab8 25. Rfe1 Red8 26. Rad1 h5 27. Re2 g5
28. Red2 g4 29. Be2 Bg6 30. Rc1 Rd7 31. Na1 Kf7 32. Rcd1 Rc7 33. Bf1 Bf5 34. Be2
Kg6 35. Bf1 Rh7 36. Re1 Be4 37. Rde2 h4 38. Rxe4 dxe4 39. Rxe4 hxg3 40. fxg3 Kg5
41. Kf2 Rh1 42. Nb3 f5 43. Re6 Bxg3+ 44. Ke2 Nd5 0-1

[Event "Reykjavik Open 2024"]
[Site "Reykjavik ISL"]
[Date "2024.03.18"]
[Round "6.27"]
[White "Dauner, Benedikt"]
[Black "Gortemaker, Lucas"]
[Result "1-0"]
[WhiteTitle "FM"]
[WhiteElo "2366"]
[BlackElo "2032"]
[WhiteFideId "16225899"]
[BlackFideId "1013394"]
[EventDate "2024.03.15"]

1. e4 c6 2. d4 d5 3. e5 Bf5 4. h4 h6 5. g4 Bd7 6. h5 Qc8 7. Be2 e6 8. Be3 c5 9.
c3 Nc6 10. f4 b6 11. Nf3 Qb7 12. Nbd2 Rc8 13. Kf2 Nb8 14. Nf1 Ne7 15. Ng3 Nec6
16. g5 cxd4 17. cxd4 Na5 18. b3 Ba3 19. g6 Qc7 20. gxf7+ Kxf7 21. Bd3 Rhf8 22.
Bh7 Be8 23. f5 Qc2+ 24. Ne2 Qxd1 25. Raxd1 exf5 26. Nf4 Rc2+ 27. Rd2 Rxd2+ 28.
Bxd2 Bd7 29. Nxd5 Rd8 30. Nf4 Bc6 31. e6+ Kf6 32. Rg1 Bf8 33. Rg6+ Ke7 34. Bb4+
Ke8 35. e7 Bxe7 36. Re6 Rd7 37. d5 Bxd5 38. Nxd5 Nac6 39. Nxe7 Nxb4 40. Nc6+ Kf7
41. Nfd4 1-0

[Event "Reykjavik Open 2024"]
[Site "Reykjavik ISL"]
[Date "2024.03.18"]
[Round "6.29"]
[White "Weigand, Anton"]
[Black "Moksh, Amit Doshi"]
[Result "0-1"]
[BlackTitle "IM"]
[WhiteElo "2036"]
[BlackElo "2353"]
[WhiteFideId "16221915"]
[BlackFideId "25064967"]
[EventDate "2024.03.15"]

1. e4 c5 2. c3 d5 3. exd5 Qxd5 4. d4 Nf6 5. Nf3 e6 6. Na3 a6 7. Nc4 Nbd7 8. Be2
b5 9. Ne3 Qc6 10. a4 Bb7 11. axb5 axb5 12. Rxa8+ Bxa8 13. dxc5 Qxc5 14. O-O Be7
15. Nc2 O-O 16. Nfd4 Rb8 17. Be3 Qd5 18. f3 Ne5 19. Bf2 Ng6 20. Qa1 Nf4 21. Bxb5
Qg5 22. Bg3 N6h5 23. Bxf4 Qxf4 24. Qe1 Bd6 25. g3 Qg5 26. c4 e5 27. Ne2 Bc5+ 28.
Kg2 e4 29. f4 e3+ 30. Kh3 Qf5+ 31. g4 Qxc2 32. gxh5 Qf5+ 33. Kg3 Qxh5 0-1